Is duar mein hamsafar (Record no. 20994)

000 -LEADER
fixed length control field 00452nam a22001811a 4500
020 ## - INTERNATIONAL STANDARD BOOK NUMBER
International Standard Book Number 9788170165439
Terms of availability 0.00
040 ## - CATALOGING SOURCE
Original cataloging agency SSUS - Library - Kalady
082 ## - DEWEY DECIMAL CLASSIFICATION NUMBER
Classification number H3
Item number AMA/I
100 ## - MAIN ENTRY--PERSONAL NAME
Personal name Amar Goswamy
245 ## - TITLE STATEMENT
Title Is duar mein hamsafar
Medium [Text]
260 ## - PUBLICATION, DISTRIBUTION, ETC.
Place of publication, distribution, etc. New Delhi
Name of publisher, distributor, etc. Kithabghar
Date of publication, distribution, etc. 2003
300 ## - PHYSICAL DESCRIPTION
Extent 315p.
600 ## - SUBJECT ADDED ENTRY--PERSONAL NAME
Personal name Novel Hindi
600 ## - SUBJECT ADDED ENTRY--PERSONAL NAME
Personal name Literature Hindi
600 ## - SUBJECT ADDED ENTRY--PERSONAL NAME
Personal name Literature
852 ## - LOCATION
-- 350.00
--
942 ## - ADDED ENTRY ELEMENTS (KOHA)
Koha item type Book
Holdings
Withdrawn status Lost status Damaged status Not for loan Permanent Location Current Location Date acquired Cost, normal purchase price Total Checkouts Full call number Barcode Date last seen Date last checked out Cost, replacement price Price effective from Koha item type
        Sree Sankaracharya University of Sanskrit Sree Sankaracharya University of Sanskrit 08.01.2015 350.00 1 H3 AMA/I 054294 20.11.2025 31.10.2025 0.00 08.01.2015 Book